| 000 | 01481nam a2200373 c 4500 | ||
|---|---|---|---|
| 001 | 14053 | ||
| 003 | ES-MaCES | ||
| 005 | 20160629131901.0 | ||
| 008 | 020912s2002 lu t o000 | spa d | ||
| 035 | _aCES20020011563m | ||
| 040 |
_aES-MaCES _bspa _cES-MaCES |
||
| 110 | 2 |
_92014 _aComisión de las Comunidades Europeas |
|
| 245 | 1 | 0 |
_aDocumento de consulta, hacia una cultura reforzada de consulta y diálogo _b: propuesta de principios generales y normas mínimas para la consulta de la Comisión a las partes interesadas _ccomunicación de la Comisión |
| 260 |
_aLuxemburgo _bOficina de Publicaciones Oficiales de las Comunidades Europeas _c2002 |
||
| 300 |
_a17 p. _c30 cm |
||
| 490 | 1 |
_aCOM(02) _v277 final |
|
| 500 | _aTít. tomado de la cub. | ||
| 541 | _cSuscripción conjunta | ||
| 650 | 4 |
_aconsulta mixta _928366 |
|
| 650 | 4 |
_aservicio de consultoría _929776 |
|
| 650 | 4 |
_aconcertación _930029 |
|
| 650 | 4 |
_aComisión de la CE _930337 |
|
| 650 | 4 |
_apolítica comunitaria _930776 |
|
| 650 | 4 |
_aderecho comunitario _929866 |
|
| 650 | 4 |
_aaplicación _929859 |
|
| 653 | 1 | 0 | _aDerecho comunitario |
| 650 | 4 |
_926752 _aUE |
|
| 787 | 0 |
_tHacia una cultura reforzada de consulta y diálogo _w(ES-MaCES)14631 |
|
| 787 | 0 |
_tComunicación de la Comisión sobre la evaluación del impacto _w(ES-MaCES)14037 |
|
| 830 | 0 |
_aCOM(02) _v277 final _933731 |
|
| 902 | _aDOC Literatura gris | ||
| 942 |
_2CES _cBK _h6.0.5. |
||
| 999 |
_c14053 _d14053 |
||